Herby polskich klubów piłkarskich - Statystyki

Ogólne statystyki
  • Ten quiz został rozwiązany 1 122 razy
    1 095 od ostatniego zresetowania
  • Średni wynik to 14 z 19
Statystyki odpowiedzi
Obrazkowy Odpowiedź % Poprawnych
Legia Warszawa
99%
Jagiellonia Białystok
95%
Lech Poznań
94%
Pogoń Szczecin
92%
Wisła Płock
91%
Górnik Zabrze
89%
ŁKS
89%
Widzew Łódź
89%
Piast Gliwice
88%
Wisła Kraków
88%
Arka Gdynia
83%
Ruch Chorzów
81%
Warta Poznań
73%
Zawisza Bydgoszcz
71%
Polonia Bytom
60%
Olimpia Elbląg
50%
Wigry Suwałki
43%
KSZO Ostrowiec
30%
Olimpia Zambrów
20%
Nie znaleziono quizów pasujących do podanych kryteriów
Rozkład punktacji
Procent ludzi z każdym wynikiem
Percentyl według liczby udzielonych odpowiedzi
Twoja historia wyników
Nie rozwiązałeś tego quizu od ostatniego zresetowania